Blood fever #2 : a James Bond adventure / Charlie ... Read More
Available copies
- 1 of 1 copy available at LARL/NWRL Consortium.
Current holds
0 current holds with 1 total copy.
View other formats and editions
Show Only Available Copies
| Location | Call Number / Copy Notes | Barcode | Shelving Location | Status | Due Date |
|---|---|---|---|---|---|
| Hallock Public Library | ya HIG (Text) | 35500004914915 | Main | Available | - |
Record details
- ISBN: 9781423122616
- ISBN: 1423122615
- Physical Description: xvii, 347 p. ; 21 cm.
- Edition: New Disney Hyperion pbk. ed.
- Publisher: New York : Disney/Hyperion Books, 2009, c2006.
Content descriptions
| General Note: | Originally published: New York : Hyperion Books for Children, 2006. Portrays Ian Fleming's character, James Bond, as a teenager. |
| Summary, etc.: | During a summer holiday in Italy, the teen-age ... Read More |
Search for related items by subject
| Genre: | Spy stories. Mystery fiction. |
Search for related items by series
| LDR | 01865cam a2200481Ia 4500 | ||
|---|---|---|---|
| 001 | 132198 | ||
| 003 | LARL_NWRL_CONSORTIUM | ||
| 005 | 20110606172457.0 | ||
| 008 | 080908r20092006nyu d 000 1 eng d | ||
| 020 | . | ‡a9781423122616 | |
| 020 | . | ‡a1423122615 | |
| 035 | . | ‡a(OCoLC)246895620 | |
| 049 | . | ‡aNRGH | |
| 082 | 0 | 4. | ‡a[Fic] ‡222 |
| 100 | 1 | . | ‡aHigson, Charles, ‡d1958- ‡0(LARL_NWRL_CONSORTIUM)219069 |
| 245 | 1 | 0. | ‡aBlood fever ‡n#2 : ‡ba James Bond adventure / ‡cCharlie Higson. |
| 250 | . | ‡aNew Disney Hyperion pbk. ed. | |
| 260 | . | ‡aNew York : ‡bDisney/Hyperion Books, ‡c2009, c2006. | |
| 300 | . | ‡axvii, 347 p. ; ‡c21 cm. | |
| 490 | 0 | . | ‡aYoung Bond ; ‡vbk. 2 |
| 500 | . | ‡aOriginally published: New York : Hyperion Books for Children, 2006. | |
| 500 | . | ‡aPortrays Ian Fleming's character, James Bond, as a teenager. | |
| 520 | . | ‡aDuring a summer holiday in Italy, the teen-age James Bond tangles with an underground empire of criminals as he attempts the rescue of a kidnapped young girl. | |
| 650 | 0. | ‡aBond, James (Fictitious character) ‡vJuvenile fiction. | |
| 650 | 0. | ‡aSpies ‡zGreat Britain ‡vJuvenile fiction. | |
| 650 | 0. | ‡aCriminals ‡vJuvenile fiction. | |
| 610 | 2 | 0. | ‡aEton College ‡vJuvenile fiction. |
| 651 | 0. | ‡aItaly ‡vJuvenile fiction. | |
| 650 | 1. | ‡aBond, James (Fictitious character) ‡vFiction. ‡0(LARL_NWRL_CONSORTIUM)163736 | |
| 650 | 1. | ‡aSpies ‡vFiction. ‡0(LARL_NWRL_CONSORTIUM)176180 | |
| 650 | 1. | ‡aCriminals ‡vFiction. ‡0(LARL_NWRL_CONSORTIUM)171663 | |
| 610 | 2 | 1. | ‡aEton College ‡vFiction. |
| 650 | 1. | ‡aBoarding schools ‡vFiction. ‡0(LARL_NWRL_CONSORTIUM)163727 | |
| 650 | 1. | ‡aItaly ‡vFiction. | |
| 655 | 7. | ‡aSpy stories. ‡2gsafd | |
| 655 | 7. | ‡aMystery fiction. ‡2gsafd | |
| 700 | 1 | . | ‡aFleming, Ian, ‡d1908-1964. ‡0(LARL_NWRL_CONSORTIUM)273 |
| 901 | . | ‡a132198 ‡bOCLC ‡c132198 ‡tbiblio | |

Add to basket
Permalink
Disable Highlighting